| 000 | 00821cam a2200265 a 4500 | ||
|---|---|---|---|
| 001 | 000006214 | ||
| 005 | 20200929153913.0 | ||
| 008 | 900808s1989 sp 000 p spa d | ||
| 020 | _a8420603988 | ||
| 040 |
_aDO-SdBNP _cDLC |
||
| 082 |
_a861.6 _bB268a |
||
| 100 | 1 |
_aBarral, Carlos, _d1928-1989 _915590 |
|
| 245 | 1 | 0 |
_aAntología poética / _cCarlos Barral ; prólogo de Juan García Hortelano. |
| 260 |
_aMadrid : _bAlianza, _c1989. |
||
| 300 |
_a149 p. ; _c18 cm. |
||
| 490 | 1 |
_aLibro de bolsillo _v1398 |
|
| 490 | 1 | _aLiteratura | |
| 650 | 4 |
_aPoesía española _vCOLECCIONES _99198 |
|
| 650 | 4 |
_aLiteratura española _9632 |
|
| 700 | 1 |
_aGarcía Hotelano, Juan, _epról. _917378 |
|
| 830 | 0 |
_aLibro de bolsillo. _pLiteratura; _v1398 _99889 |
|
| 910 | _aCatalogación por copia / LC | ||
| 910 | _aWM | ||
| 049 | _aBNGR | ||
| 999 |
_c6009 _d6009 |
||